<?xml version="1.0" encoding="UTF-8"?>
<collection xmlns="http://www.loc.gov/MARC21/slim">
 <record>
  <leader>01603nam a22003737a 4500</leader>
  <controlfield tag="001">29996</controlfield>
  <controlfield tag="003">BD-DhAAL</controlfield>
  <controlfield tag="005">20151011105720.0</controlfield>
  <controlfield tag="008">150709s1982    bg ||||| |||| 00| 0 eng d</controlfield>
  <datafield tag="040" ind1=" " ind2=" ">
   <subfield code="a">BD-DhAAL</subfield>
   <subfield code="c">BD-DhAAL</subfield>
  </datafield>
  <datafield tag="082" ind1=" " ind2=" ">
   <subfield code="2">22</subfield>
   <subfield code="a">307.1412095492</subfield>
  </datafield>
  <datafield tag="999" ind1=" " ind2=" ">
   <subfield code="c">35733 | 35733 | 35733 | 35733 | 34998 | 34994 | 34994 | 34994 | 34994 | 34994 | 34988 | 35733 | 35733 | 34998 | 34994 | 34994 | 34994 | 34994 | 34994 | 34988</subfield>
   <subfield code="d">35733</subfield>
  </datafield>
  <datafield tag="999" ind1=" " ind2=" ">
   <subfield code="c">35733 | 35733 | 35733 | 35733 | 34998 | 34994 | 34994 | 34994 | 34994 | 34994 | 34988 | 35733 | 35733 | 34998 | 34994 | 34994 | 34994 | 34994 | 34994 | 34988</subfield>
  </datafield>
  <datafield tag="999" ind1=" " ind2=" ">
   <subfield code="c">35733 | 35733 | 35733 | 34998 | 34994 | 34994 | 34994 | 34994 | 34994 | 34988</subfield>
  </datafield>
  <datafield tag="999" ind1=" " ind2=" ">
   <subfield code="c">35733</subfield>
  </datafield>
  <datafield tag="999" ind1=" " ind2=" ">
   <subfield code="c">35733</subfield>
  </datafield>
  <datafield tag="999" ind1=" " ind2=" ">
   <subfield code="c">34998</subfield>
  </datafield>
  <datafield tag="999" ind1=" " ind2=" ">
   <subfield code="c">34994</subfield>
  </datafield>
  <datafield tag="999" ind1=" " ind2=" ">
   <subfield code="c">34994</subfield>
  </datafield>
  <datafield tag="999" ind1=" " ind2=" ">
   <subfield code="c">34994</subfield>
  </datafield>
  <datafield tag="999" ind1=" " ind2=" ">
   <subfield code="c">34994</subfield>
  </datafield>
  <datafield tag="999" ind1=" " ind2=" ">
   <subfield code="c">34994</subfield>
  </datafield>
  <datafield tag="999" ind1=" " ind2=" ">
   <subfield code="c">34988</subfield>
  </datafield>
  <datafield tag="245" ind1=" " ind2=" ">
   <subfield code="a">Boraigram baseline survey : </subfield>
   <subfield code="b">February 1982, volume I &amp; II</subfield>
  </datafield>
  <datafield tag="260" ind1=" " ind2=" ">
   <subfield code="a">Dhaka :</subfield>
   <subfield code="b">Research and Evaluation Division, BRAC,</subfield>
   <subfield code="c">1982</subfield>
  </datafield>
  <datafield tag="300" ind1=" " ind2=" ">
   <subfield code="a">101 p. :</subfield>
   <subfield code="c">34 cm.</subfield>
   <subfield code="b">ill. ;</subfield>
  </datafield>
  <datafield tag="541" ind1=" " ind2=" ">
   <subfield code="e">29996</subfield>
  </datafield>
  <datafield tag="610" ind1=" " ind2=" ">
   <subfield code="a">BRAC</subfield>
   <subfield code="9">15229</subfield>
  </datafield>
  <datafield tag="650" ind1=" " ind2=" ">
   <subfield code="a">Rural Development</subfield>
   <subfield code="9">7235</subfield>
   <subfield code="z">Bangladesh</subfield>
  </datafield>
  <datafield tag="710" ind1=" " ind2=" ">
   <subfield code="a">BRAC </subfield>
   <subfield code="9">12971</subfield>
  </datafield>
  <datafield tag="852" ind1=" " ind2=" ">
   <subfield code="a">Ayesha Abed Library</subfield>
   <subfield code="b">BRAC Resource Section</subfield>
  </datafield>
  <datafield tag="942" ind1=" " ind2=" ">
   <subfield code="2">ddc</subfield>
   <subfield code="c">BK</subfield>
  </datafield>
  <datafield tag="952" ind1=" " ind2=" ">
   <subfield code="0">0</subfield>
   <subfield code="1">0</subfield>
   <subfield code="2">ddc</subfield>
   <subfield code="4">0</subfield>
   <subfield code="6">307_141209549200000_BOR</subfield>
   <subfield code="7">0</subfield>
   <subfield code="9">56195</subfield>
   <subfield code="a">BRACUL</subfield>
   <subfield code="b">BRACUL</subfield>
   <subfield code="c">BRS</subfield>
   <subfield code="d">2015-10-10</subfield>
   <subfield code="e">BRAC</subfield>
   <subfield code="l">0</subfield>
   <subfield code="o">307.1412095492 BOR</subfield>
   <subfield code="p">3010029996</subfield>
   <subfield code="r">2015-10-10</subfield>
   <subfield code="t">1</subfield>
   <subfield code="w">2015-10-10</subfield>
   <subfield code="y">BK</subfield>
  </datafield>
  <datafield tag="952" ind1=" " ind2=" ">
   <subfield code="0">0</subfield>
   <subfield code="1">0</subfield>
   <subfield code="2">ddc</subfield>
   <subfield code="4">0</subfield>
   <subfield code="6">307_141209549200000_BOR</subfield>
   <subfield code="7">0</subfield>
   <subfield code="9">56245</subfield>
   <subfield code="a">BRACUL</subfield>
   <subfield code="b">BRACUL</subfield>
   <subfield code="c">BRS</subfield>
   <subfield code="d">2015-10-11</subfield>
   <subfield code="e">BRAC</subfield>
   <subfield code="l">0</subfield>
   <subfield code="o">307.1412095492 BOR</subfield>
   <subfield code="p">3010029997</subfield>
   <subfield code="r">2015-10-11</subfield>
   <subfield code="t">2</subfield>
   <subfield code="w">2015-10-11</subfield>
   <subfield code="y">BK</subfield>
  </datafield>
 </record>
</collection>
